MARC

LEADER 00000nam0a2200000 4500
001 363832
005 20231102011628.0
035 |a (RuTPU)RU\TPU\retro\21179 
090 |a 363832 
100 |a 20211013d1980 k y0rusy50 ca 
101 0 |a rus 
102 |a UA 
105 |a a z 001zy 
200 1 |a Процессы теплообмена в ожиженных и отвердевших газах  |e сборник научных трудов  |f Академия наук Украинской ССР, Физико-технический институт низких температур им. Б. И. Веркина 
210 |a Киев  |c Наукова думка  |d 1980 
215 |a 136 с.  |c ил. 
320 |a Библиография в конце статей 
606 1 |a Криогенные системы,жидкостные  |2 stltpush  |3 (RuTPU)RU\TPU\subj\16283  |9 42415 
610 1 |a ожижительные газы 
610 1 |a теплообмен 
610 1 |a криогенные системы 
610 1 |a изоляция 
610 1 |a тепломассообмен 
610 1 |a пористые отвердевшие газы 
610 1 |a сублимация 
610 1 |a криогенные жидкости 
610 1 |a паровые пузыри 
610 1 |a динамика 
610 1 |a криобиология 
675 |a 621.59  |v 4 
712 0 2 |a Академия наук Украинской ССР  |b Физико-технический институт низких температур им. Б. И. Веркина  |c (Харьков)  |2 stltpush  |3 (RuTPU)RU\TPU\col\1121  |9 23519 
801 1 |a RU  |b 63413507  |c 20211013 
942 |c BK